000 01126nas a2200361 4500
001 BR0800802
003 BR-BrBNA
005 20231205111618.0
007 ta
008 230509b bl.|||p| |||| 00| 00por d
040 _aBR-BrBNA
_bpor
_cBiblioteca Nacional de Agricultura
041 _a(Pt)
072 _aL53; L10; P33
100 1 _aCorrêa, M.N.
100 1 _aLúcia, T.
100 1 _aDeshamps, J.C.
100 1 _aSerret, C.G.
100 1 _aBordignon, J.
100 1 _aRambo, G.
245 1 _aTaxa de penetração espermática in vitro em ovócitos suínos utilizando espermatozóides acondicionados com o diluente PIGPEL- 5C
650 _aSUÍNO
650 _aREPRODUÇÃO ANIMAL
650 _aINSEMINAÇÃO ARTIFICIAL
650 _aTAXA DE FERTILIDADE
650 _aSÊMEN
650 _aSOLUBILIDADE
650 _aOVÓCITO
650 _aACONDICIONAMENTO
650 _aMÉTODO DE APLICAÇÃO
773 0 _tRevista Brasileira de Reprodução Animal (Brazil)
_xISSN 0102-0803
_g(Jul-Sep 2004), v. 28(3) p. 161-169
_wBR0800802
909 _a202311
_bLúcia
_c55
_dLúcia Elande
942 _2AGRIS
_n0
_cANA
999 _c193534
_d193534